000 00740 a2200181 4500
003 Nust
005 20220726160645.0
020 _a9814053740
040 _cNust
082 _a004.22,SIM
100 _aSima, Dezso
_995331
245 _aAdvanced computer architectures :
_bA design space approach /
_cDezso Sima, Terence Fountain, Peter Kacsuk
260 _aEngland
_bAddison- wesley
_c1998
300 _axxiii,766 p. :
505 _aPART-1: Computational Models (Page-1), PART-2: Instruction-Level Parallel Processors (Page-87), PART-3: Instruction-Level Data Parallel Architectures (Page-409), PART-4: Thread and Process-Level Parallel Architectures (Page-533).
650 _acomputer Architectures
_995332
942 _2ddc
_cBK
_k004.22,SIM
999 _c176317
_d176317